Pokémon - Attacken von Mamutel in SD/LP - Statistiken

Allgemein
  • Dieses Quiz wurde 4 mal gespielt
  • Das Durchschnittsergebnis liegt bei 20 aus 52
Antwortstatistiken
Antwort % Korrekt
Eisstrahl
100%
Erdbeben
100%
Bodyslam
75%
Hyperstrahl
75%
Lawine
75%
Steinhagel
75%
Tackle
75%
Angeberei
50%
Biss
50%
Blizzard
50%
Bodycheck
50%
Eissturm
50%
Eiszahn
50%
Eiszapfhagel
50%
Erholung
50%
Felsgrab
50%
Gigastoß
50%
Hagelsturm
50%
Lehmschuss
50%
Lichtschild
50%
Pulverschnee
50%
Risikotackle
50%
Schaufler
50%
Schlafrede
50%
Schutzschild
50%
Steinkante
50%
Weißnebel
50%
Amnesie
25%
Antik-Kraft
25%
Anziehung
25%
Dampfwalze
25%
Delegator
25%
Doppelteam
25%
Eissplitter
25%
Fassade
25%
Fluch
25%
Fuchtler
25%
Geofissur
25%
Kraxler
25%
Lehmschelle
25%
Reflektor
25%
Regentanz
25%
Stärke
25%
Tarnsteine
25%
Zertrümmerer
25%
Ausdauer
0%
Brüller
0%
Doppelschlag
0%
Dreschflegel
0%
Eisspeer
0%
Gefriertrockner
0%
Sandsturm
0%
Keine übereinstimmenden Quizze gefunden
Verteilung der Resultate
Anzahl Personen mit jedem Resultat
Perzentil nach korrekt beantworteten Fragen
Ihre Resultats-Entwicklung
Sie haben dieses Quiz noch nicht gespielt